1492 1603 1785 1256 1037 1684 1070 1745 1868 1604 1442 1652 1150 1104 1491 1957 1627 1945 1507 1258 1838 1720 1059 1362 1205 1976 1100 1248 1408 1688 1839 1882 1204 1878 1028 1256 1078 1775 1441 1064 1104 1294 1667 1455 1895 1974 1787 1199 1683 1702 1213 1578 1934 1429 1490 1021 1532 1799 1858 1273 1396 1486 1103 1173 1762 1497 1834 1266 1427 1142 1188 1510 1479 1920 1562 1088 1440 1141 1260 1329 1190 1998 1901 1792 1960 1243 1097 1868 1062 1914 1981 1583 1577 1965 1037 1859 1119 1252 1119 BCNSPRNW ULIB Ver.6.0+V

เปลี่ยนเป็นภาษาไทย

Change to English
 แสดงรายละเอียดบรรณานุกรม
  กลับหน้าหลัก

Brief Record : Get Marc (ISO 2709) : E-mail record : QR code < ปิดหน้าต่าง
LEADER : 00000nam 2200000uu 4500
001    13399110957
003     ULIB
008    110614s2551||||th 000 0 tha d
020    9789742126674
060 04 AC158^bอ769ถ 2551
100 1  อี, คยอง ซอน
245 10 ถ้าโลกนี้ไม่มีส้วม จะเป็นยังไง? /^cLee Kyeong Seon ;พรรณิภา น้ำใจเย็นฉ่ำ แปล
260    กรุงเทพฯ :^bซีเอ็ดยูเคชั่น,^c2551
300    208 หน้า :^bภาพประกอบ
500    แปลจาก If there were no toilet?
650  7 สิ่งประดิษฐ์
650  7 วิทยาศาสตร์
700 00 พรรณิภา น้ำใจเย็นฉ่ำ,^eผู้แปล
740 01 If there were no toilet?
945    ^p185^l0^i024204
995    ทศพร
999 ^a ใช้งานได้ทุกระบบ
รายการนี้ยังไม่มีแท็ก
คุณยังไม่ได้ล็อกอิน คุณสามารถมีกิจกรรมร่วมกับเว็บไซต์ได้ แต่ต้องล็อกอินก่อน ::
  ล็อกอิน

รายการสื่อสารสนเทศ

ลำดับที่ ประเภท เลขเรียก/บาร์โค้ด สถานที่ สถานะ
- ไม่พบข้อมูล -

รายการใกล้เคียง
    ผู้แต่ง [อี, คยอง ซอน]

    หัวเรื่อง [สิ่งประดิษฐ์]
    หัวเรื่อง [วิทยาศาสตร์]

BibComment


ยังไม่เคยถูกคอมเมนท์

คอมเมนท์ทรัพยากรรายการนี้
  คอมเมนท์: ถ้าโลกนี้ไม่มีส้ว..


 Copyright 2026. Bcnsprnw @Library